| 000 | 00552nam a22001817a 4500 | ||
|---|---|---|---|
| 005 | 20251128113146.0 | ||
| 008 | 251125b |||||||| |||| 00| 0 eng d | ||
| 020 | _a978-81-19613-53-3 | ||
| 041 | _aeng | ||
| 082 | _a615.1 HIR-P | ||
| 100 |
_aHIRAMETH, SUSHMITAAND GHARGE, SHANKAR _98812 |
||
| 245 | _aPREPARATION OF INORGANIC , ORGANIC AND MEDICINAL COMPOUNDS FOR PHARMACY STUDENTS | ||
| 250 | _a1ST ED. 2023 | ||
| 260 |
_aNEW DELHI _bINNOVATIVE PUBLICATION PVT.LTD _c2024 |
||
| 300 | _a249;P | ||
| 650 |
_aPHARMACY _xB.PHASRMA _98834 |
||
| 942 | _cBK | ||
| 999 |
_c8992 _d8990 |
||